Industrial waste waters and environmental pollution / (Record no. 332194)

000 -LEADER
fixed length control field 01339cam a22003615a 4500
001 - CONTROL NUMBER
control field 12377105
003 - CONTROL NUMBER IDENTIFIER
control field NUST
005 - DATE AND TIME OF LATEST TRANSACTION
control field 20171117110843.0
008 - FIXED-LENGTH DATA ELEMENTS--GENERAL INFORMATION
fixed length control field 010117s2000 ii b b 000 0 eng
010 ## - LIBRARY OF CONGRESS CONTROL NUMBER
LC control number 00440051
020 ## - INTERNATIONAL STANDARD BOOK NUMBER
International Standard Book Number 8172332440
025 ## - OVERSEAS ACQUISITION NUMBER
Overseas acquisition number I-E-00-440051; 49-29
035 ## - SYSTEM CONTROL NUMBER
System control number (DLC) 00440051
037 ## - SOURCE OF ACQUISITION
Source of stock number/acquisition Library of Congress -- New Delhi Field Office
Terms of availability Rs475.00
040 ## - CATALOGING SOURCE
Original cataloging agency DLC
Transcribing agency DLC
Modifying agency DLC
042 ## - AUTHENTICATION CODE
Authentication code lcode
043 ## - GEOGRAPHIC AREA CODE
Geographic area code a-ii---
050 00 - LIBRARY OF CONGRESS CALL NUMBER
Classification number TD897.8.I4
Item number I64 2000
082 ## - DEWEY DECIMAL CLASSIFICATION NUMBER
Classification number 628.5 GUP
245 00 - TITLE STATEMENT
Title Industrial waste waters and environmental pollution /
Statement of responsibility, etc. Editors, I.C. Gupta, D.C. Joshi, D. Kumar.
260 ## - PUBLICATION, DISTRIBUTION, ETC.
Place of publication, distribution, etc. Jodhpur :
Name of publisher, distributor, etc. Scientific Publishers (India),
Date of publication, distribution, etc. 2000.
300 ## - PHYSICAL DESCRIPTION
Extent viii, 184 p. :
Other physical details maps ;
Dimensions 22 cm.
500 ## - GENERAL NOTE
General note H.B
504 ## - BIBLIOGRAPHY, ETC. NOTE
Bibliography, etc. note Includes bibliographical references.
520 ## - SUMMARY, ETC.
Summary, etc. Contributed articles with special reference to Rajasthan, India.
650 #0 - SUBJECT ADDED ENTRY--TOPICAL TERM
Topical term or geographic name entry element Factory and trade waste
General subdivision Environmental aspects
Geographic subdivision India
-- Rajasthan.
9 (RLIN) 6493
650 #0 - SUBJECT ADDED ENTRY--TOPICAL TERM
Topical term or geographic name entry element Water
General subdivision Pollution
Geographic subdivision India
-- Rajasthan.
9 (RLIN) 6494
650 #0 - SUBJECT ADDED ENTRY--TOPICAL TERM
Topical term or geographic name entry element Pollution prevention
Geographic subdivision India
-- Rajasthan.
9 (RLIN) 6495
700 1# - ADDED ENTRY--PERSONAL NAME
Personal name Gupta, I. C.,
Dates associated with a name 1941-
9 (RLIN) 6496
700 1# - ADDED ENTRY--PERSONAL NAME
Personal name Joshi, D. C.
Fuller form of name (Dinesh Chandra),
Dates associated with a name 1943-
9 (RLIN) 6497
700 1# - ADDED ENTRY--PERSONAL NAME
Personal name Kumar, D.
9 (RLIN) 6498
906 ## - LOCAL DATA ELEMENT F, LDF (RLIN)
a 7
b ibc
c origode
d 3
e ncip
f 20
g y-gencatlg
942 ## - ADDED ENTRY ELEMENTS (KOHA)
Source of classification or shelving scheme
Koha item type Book
Call number prefix IESE
Holdings
Withdrawn status Lost status Source of classification or shelving scheme Damaged status Not for loan Collection code Permanent Location Current Location Shelving location Date acquired Total Checkouts Full call number Barcode Date last seen Price effective from Koha item type
            Central Library (CL) Central Library (CL) General Stacks 11/17/2017   628.5 GUP IESE-639 11/17/2017 11/17/2017 Book
© 2023 Central Library, National University of Sciences and Technology. All Rights Reserved.